[Event "Nordeste IM 2013"]
[Site "Natal BRA"]
[Date "2013.08.31"]
[Round "4.3"]
[White "Santiago,Y"]
[Black "Rodi,L"]
[Result "1-0"]
[WhiteElo "2422"]
[BlackElo "2377"]

1.e4 e5 2.Nf3 Nc6 3.Bb5 a6 4.Ba4 Nf6 5.O-O b5 6.Bb3 Bb7 7.d3 Bc5 8.a3 d6
9.c3 O-O 10.Nbd2 Bb6 11.h3 Ne7 12.Re1 Ng6 13.Nf1 Nf4 14.Ng3 c5 15.d4 Qc7
16.Be3 Rfe8 17.Bc2 Bc8 18.Rc1 Bd7 19.Qd2 N6h5 20.Nxh5 Nxh5 21.g4 Nf6 22.Bg5 Qd8
23.Kg2 Bc6 24.d5 Bd7 25.Ng1 Qe7 26.f4 h6 27.Bxf6 Qxf6 28.f5 Qg5 29.Qxg5 hxg5
30.Nf3 Bd8 31.h4 gxh4 32.g5 Kf8 33.Rh1 f6 34.g6 Ke7 35.Rxh4 Bb6 36.Rh7 Rg8
37.Nh2 Kd8 38.Nf1 c4 39.Kf3 Ke8 40.Ng3 Kf8 41.Nh5 Bd8 42.Rh1 a5 43.Nxg7 Rxg7
44.Rxg7 Kxg7 45.Rh7+ Kg8 46.Rxd7 b4 47.Ba4 Rb8 48.Rh7  1-0

[Event "TCh-CRO w Liga 2013"]
[Site "Bol CRO"]
[Date "2013.09.14"]
[Round "1.3"]
[White "Grgic,N"]
[Black "Krivec,J"]
[Result "0-1"]
[WhiteElo "1874"]
[BlackElo "2237"]

1.e4 e5 2.Nf3 Nc6 3.Bb5 a6 4.Ba4 Nf6 5.O-O b5 6.Bb3 Bb7 7.d3 Be7 8.Nc3 O-O
9.Bd2 d6 10.a4 Nd4 11.Nxd4 exd4 12.Ne2 c5 13.Ng3 d5 14.e5 Nd7 15.f4 c4 16.Ba2 f5
17.Qf3 Nc5 18.axb5 axb5 19.Ne2 Qb6 20.Kh1 Ra6 21.Bb4 Ra4 22.c3 Rxb4 23.cxb4 Nxd3
24.Rad1 Nxb4 25.Nxd4 Bc5 26.Ne2 d4 27.Qg3 Nc2 28.Rc1 Ne3 29.Rg1 d3 30.Nc3 Ng4
31.Rgf1 d2 32.Ra1 Nf2+ 33.Rxf2 Bxf2 34.Qd3 Kh8 35.Qxd2 Be3 36.Qd6 Qxd6 37.exd6 Bc6
38.Ne2 Ra8 39.h3 Bd7 40.Nc3 Bd4 41.Kh2 Bxc3 42.bxc3 h6 43.Kg3 Ra6 44.Kf2 Rxd6
45.Re1 Bc6 46.Bb1 g6 47.g4 fxg4 48.hxg4 Kg7 49.Kg3 Kf6 50.Kh4 g5+ 51.Kh5 gxf4
52.Kxh6 Kf7+ 53.Kg5 f3 54.Kf4 Rd2 55.Ke3 Rg2 56.Bf5 Kf6 57.Kf4 Re2 58.Rf1 f2
59.Kg3 Re3+ 60.Kxf2 Rxc3 61.Ke2 Kg5 62.Kd2 Rg3 63.Rc1 Bd5 64.Rb1 Bc6 65.Rc1 Kf4
66.Be6 Ke5 67.Bxc4 bxc4 68.Rxc4 Be4 69.Rc8 Rxg4 70.Kc3 Rg3+ 71.Kd2 Kd4 72.Rd8+ Bd5
73.Ke2 Rg2+ 74.Kf1 Ra2 75.Kg1 Rd2 76.Kf1 Ke3 77.Ke1 Rh2 78.Re8+ Be4  0-1

[Event "Baku Open 2013"]
[Site "Baku AZE"]
[Date "2013.09.25"]
[Round "7.18"]
[White "Durarbayli,V"]
[Black "Boruchovsky,A"]
[Result "1-0"]
[WhiteElo "2567"]
[BlackElo "2461"]

1.e4 e5 2.Nf3 Nc6 3.Bb5 a6 4.Ba4 Nf6 5.O-O b5 6.Bb3 Bb7 7.d3 Be7 8.a4 O-O
9.Re1 d6 10.Bd2 b4 11.c3 a5 12.d4 exd4 13.cxd4 d5 14.e5 Ne4 15.Be3 Kh8 16.Nbd2 f5
17.exf6 Bxf6 18.Qc2 Qd7 19.Rad1 Rae8 20.Nxe4 Rxe4 21.Qc5 Ne7 22.Bc2 Qd6 23.Qxd6 cxd6
24.Bxe4 dxe4 25.Nd2 Bd5 26.Bf4 Bxd4 27.Nxe4 Nc6 28.Bxd6 Rd8 29.Bc7 Re8 30.Bb6 Bb3
31.Rxd4  1-0

[Event "UKR-POL Academic Teams"]
[Site "Lviv UKR"]
[Date "2013.09.26"]
[Round "1"]
[White "Siwiec,A"]
[Black "Demidiukov,E"]
[Result "1-0"]
[WhiteElo "2181"]
[BlackElo "2277"]

1.e4 e5 2.Nf3 Nc6 3.Bb5 a6 4.Ba4 Nf6 5.O-O b5 6.Bb3 Bb7 7.Re1 Bc5 8.c3 d6
9.d4 Bb6 10.a4 h6 11.axb5 axb5 12.Rxa8 Qxa8 13.Na3 O-O 14.Nxb5 Na5 15.Bc2 exd4
16.Nfxd4 Bxe4 17.Bxe4 Nxe4 18.Bxh6 gxh6 19.Qg4+ Ng5 20.h4 Qd5 21.hxg5 Qxg5
22.Qh3 Nc4 23.Nf5 Kh7 24.Nxh6 Qxh6 25.Qd3+ Kg7 26.Qxc4 Qd2 27.Qg4+ Kh8 28.Qh4+ Kg7
29.Qg3+ Kf6 30.Qh4+ Qg5 31.Qxg5+ Kxg5 32.Na3 Ra8 33.Nc4 Kf6 34.Nxb6 cxb6
35.Re4 d5 36.Rb4 Ra6 37.Kh2 Ke5 38.Kg3 Kd6 39.Kf4 Kc5 40.Ke5 b5 41.Kf4 Re6
42.Kf3 Re7 43.g4 Kc6 44.g5 Re5 45.Kg4 Kc5 46.f4 Re1 47.Kf5  1-0

[Event "23rd EYCC Girls U18 2013"]
[Site "Budva MNE"]
[Date "2013.10.02"]
[Round "4.5"]
[White "Utiatskaja,Irina"]
[Black "Bivol,A"]
[Result "0-1"]
[WhiteElo "2063"]
[BlackElo "2241"]

1.e4 e5 2.Nf3 Nc6 3.Bb5 a6 4.Ba4 Nf6 5.O-O b5 6.Bb3 Bb7 7.Re1 Bc5 8.c3 d6
9.d4 Bb6 10.Bg5 h6 11.Bh4 g5 12.Bg3 O-O 13.a4 bxa4 14.Bxa4 Ne7 15.Nbd2 exd4
16.Nxd4 Bxd4 17.cxd4 Ng6 18.Rc1 Rc8 19.Bc6 Bxc6 20.Rxc6 a5 21.Qc2 Ne7 22.Ra6 Nh5
23.Ra1 f5 24.exf5 Nxf5 25.Qc4+ Kg7 26.R6xa5 Qf6 27.Be5 dxe5 28.dxe5 Qb6 29.Ra6 Qxb2
30.Qe6 Qxd2 31.Qg6+ Kh8 32.Qxh5 c6 33.g4 Ng7 34.Qxh6+ Kg8 35.Rf1 Qf4 36.Ra7 Qxe5
37.h4 Qd4 38.Qxg5 Qxa7 39.h5 Rce8 40.h6 Qe7 41.Qc1 Ne6  0-1

[Event "Indonesia Open 2013"]
[Site "Jakarta INA"]
[Date "2013.10.15"]
[Round "8.33"]
[White "Juswanto,D"]
[Black "Khairul,A"]
[Result "1-0"]
[WhiteElo "2417"]
[BlackElo "2301"]

1.e4 e5 2.Nf3 Nc6 3.Bb5 a6 4.Ba4 Nf6 5.O-O b5 6.Bb3 Bb7 7.Re1 Bc5 8.c3 d6
9.d4 Bb6 10.Be3 O-O 11.Nbd2 Nd7 12.Nf1 Ne7 13.Ng3 Ng6 14.Bg5 Qe8 15.Qd2 Kh8
16.h4 f6 17.Be3 Ne7 18.h5 f5 19.exf5 Nxf5 20.h6 Nxh6 21.Ng5 Ng4 22.Qd1 Nxe3
23.Rxe3 Qg6 24.Qg4 Rf4 25.Qh5 d5 26.Qxg6 hxg6 27.Ne2 Rf5 28.Rg3 Re8 29.Bc2 e4
30.Nh3 Nf8 31.b4 c6 32.Re3 Ne6 33.f3 Re5 34.Nhf4 Nxf4 35.Nxf4 Kg8 36.fxe4 g5
37.Ng6 Rxe4 38.Bxe4 dxe4 39.Rae1 Kf7 40.Rxe4 Rxe4 41.Rxe4 Kxg6 42.Re8 a5
43.a3 axb4 44.axb4  1-0

[Event "17th Unive Open 2013"]
[Site "Hoogeveen NED"]
[Date "2013.10.18"]
[Round "1.16"]
[White "Beerdsen,Thomas"]
[Black "Berkovich,M"]
[Result "1-0"]
[WhiteElo "2106"]
[BlackElo "2372"]

1.e4 e5 2.Nf3 Nc6 3.Bb5 a6 4.Ba4 Nf6 5.O-O b5 6.Bb3 Bb7 7.Re1 Bc5 8.c3 d6
9.d4 Bb6 10.Be3 O-O 11.Nbd2 h6 12.d5 Ne7 13.Bxb6 cxb6 14.Nh4 Bc8 15.g3 Nh7
16.Re3 Ra7 17.Ng2 f5 18.f4 exf4 19.Nxf4 g5 20.Nd3 Nf6 21.e5 Ng4 22.Re2 Kg7
23.Nf3 Nxe5 24.Ndxe5 dxe5 25.Nxe5 Qd6 26.Qd4 Rf6 27.Rae1 Rc7 28.Nf7 Kxf7
29.Re6  1-0

[Event "29th ECC Open 2013"]
[Site "Rhodes GRE"]
[Date "2013.10.22"]
[Round "3.4"]
[White "Leko,P"]
[Black "Boruchovsky,A"]
[Result "1/2-1/2"]
[WhiteElo "2732"]
[BlackElo "2453"]

1.e4 e5 2.Nf3 Nc6 3.Bb5 a6 4.Ba4 Nf6 5.O-O b5 6.Bb3 Bb7 7.d3 Be7 8.Nc3 O-O
9.Re1 d6 10.a3 Qd7 11.Ne2 Nd8 12.Ng3 Ne6 13.c3 c5 14.d4 c4 15.Bc2 Rfd8 16.Nf5 Bf8
17.h3 Nf4 18.Nxd6 Nxh3+ 19.gxh3 Bxd6 20.dxe5 Bxe5 21.Nxe5 Qe6 22.Qf3 Qxe5
23.Bf4 Qe6 24.Re2 Nd7 25.Qg3 Nc5 26.Be5 Qg6 27.Qxg6 hxg6 28.Bd4 Ne6 29.Be3 g5
30.Kg2 f5 31.f3 fxe4 32.fxe4 Rf8 33.Rf1 Rxf1 34.Kxf1 Rf8+ 35.Rf2 Nf4 36.h4 Nd3
37.Rxf8+ Kxf8 38.Bxg5 Bxe4 39.b4 Nf2 40.Kxf2 Bxc2 41.Ke3 g6 42.Kd4 Kf7 43.Kc5 Ke6  1/2-1/2

[Event "29th ECC Open 2013"]
[Site "Rhodes GRE"]
[Date "2013.10.26"]
[Round "7.14"]
[White "Makolli,Perparim"]
[Black "Boruchovsky,A"]
[Result "1/2-1/2"]
[WhiteElo "2251"]
[BlackElo "2453"]

1.e4 e5 2.Nf3 Nc6 3.Bb5 a6 4.Ba4 Nf6 5.O-O b5 6.Bb3 Bb7 7.d3 Be7 8.Nc3 O-O
9.a4 Na5 10.Ba2 b4 11.Ne2 d5 12.Nxe5 dxe4 13.d4 Bd5 14.c4 bxc3 15.Bxd5 Qxd5
16.Nxc3 Qe6 17.Re1 Nb3 18.d5 Qxe5 19.Qxb3 Ng4 20.Rxe4 Qxh2+ 21.Kf1 Qh1+ 22.Ke2 Qxg2
23.Rxe7 Rfe8 24.Qb4 Qxf2+ 25.Kd1 Qf1+ 26.Kc2 Ne5 27.Rxe8+ Rxe8 28.Qe4 f5
29.Qe2 Qg1 30.Rb1 Qg3 31.Qe3 Qg6 32.Qg5 Qf7 33.Qf4 h6 34.Bd2 g5 35.Qf1 Qg6
36.Re1 f4+ 37.Kd1 Kf7 38.Re4 h5 39.Qe2 f3 40.Qh2 g4 41.Qg3 h4 42.Qxh4 g3
43.Be3 Nd3 44.Rxe8 Kxe8 45.Ne4 f2 46.Nxg3 Qxg3 47.Qxg3 f1=Q+ 48.Kd2 Nxb2
49.Qg8+ Qf8 50.Qe6+ Qe7 51.Qxa6 Qb4+ 52.Ke2 Qg4+ 53.Kf1 Qh3+ 54.Ke2 Qg4+
55.Kf1 Qh3+  1/2-1/2

[Event "23rd World Seniors 2013"]
[Site "Opatija CRO"]
[Date "2013.11.19"]
[Round "7.27"]
[White "Kiefer,G"]
[Black "Malmdin,N"]
[Result "1-0"]
[WhiteElo "2271"]
[BlackElo "2191"]

1.e4 e5 2.Nf3 Nc6 3.Bb5 a6 4.Ba4 Nf6 5.O-O b5 6.Bb3 Bb7 7.Re1 Bc5 8.c3 d6
9.d4 Bb6 10.a4 O-O 11.Na3 h6 12.d5 Ne7 13.Nh4 Qd7 14.h3 g5 15.Nf3 g4 16.Bxh6 gxh3
17.Nh2 Kh7 18.Be3 Rg8 19.g3 c5 20.dxc6 Qxc6 21.Bxb6 Qxb6 22.Kf1 Rg7 23.Qf3 d5
24.exd5 bxa4 25.Bc2+ e4 26.Bxe4+ Nxe4 27.Qxe4+ Kg8 28.c4 f5 29.Qh4 Nxd5 30.cxd5 Bxd5
31.Nc4 Qb5 32.Rac1 Rc8 33.Kg1 Bxc4 34.Re7 Qd5 35.Rxg7+ Kxg7 36.Qg5+ Kf7 37.Qh5+ Kg7
38.Nf3 Rh8 39.Qg5+ Kf7 40.Re1 Be2 41.Nh4 Rg8 42.Qxf5+ Qxf5 43.Nxf5 Kf6 44.Rxe2 Kxf5
45.Kh2 Kg4 46.Re4+ Kf3 47.Rf4+ Ke2 48.Kxh3 Rb8 49.Kg2 Rxb2 50.Rxa4 Ke1 51.Ra1+  1-0

[Event "TCh-CZE Vychod 2013-14"]
[Site "Czech Rep CZE"]
[Date "2013.11.24"]
[Round "3.4"]
[White "Jasny,S"]
[Black "Krcal,M"]
[Result "1/2-1/2"]
[WhiteElo "2310"]
[BlackElo "2212"]

1.e4 e5 2.Nf3 Nc6 3.Bb5 a6 4.Ba4 Nf6 5.O-O b5 6.Bb3 Bb7 7.d3 Bc5 8.a4 d6
9.c3 h6 10.Be3 O-O 11.Na3 Bxe3 12.fxe3 d5 13.exd5 Nxd5 14.Qe1 Nf6 15.Rd1 bxa4
16.Bxa4 e4 17.dxe4 Qe7 18.Nd4 Nxd4 19.exd4 Qxe4 20.Qxe4 Nxe4 21.Nc4 Rad8
22.Ne5 Rd6 23.Bb3 Nf6 24.Nc4 Rd5 25.Ba4 Rg5 26.Ne3 Nd5 27.Nxd5 Bxd5 28.Rf2 Rd8
29.Re1 Be6 30.b4 a5 31.bxa5 Rxa5 32.Bc6 Rd6 33.Bf3 Ra3 34.Rc1 Bd5 35.Bxd5  1/2-1/2

[Event "10th Vasylyshyn Memorial IM"]
[Site "Lviv UKR"]
[Date "2013.11.27"]
[Round "9"]
[White "Nayhebaver,Martin"]
[Black "Yildiz,B"]
[Result "0-1"]
[WhiteElo "2198"]
[BlackElo "2291"]

1.e4 e5 2.Nf3 Nc6 3.Bb5 a6 4.Ba4 Nf6 5.O-O b5 6.Bb3 Bb7 7.Re1 Bc5 8.c3 d6
9.d4 Bb6 10.Bg5 h6 11.Bh4 g5 12.Bg3 O-O 13.dxe5 Nxe5 14.Nxe5 dxe5 15.Qf3 Re8
16.Nd2 Bc8 17.Qe2 Bg4 18.Nf3 Nd7 19.h3 Bh5 20.Rad1 Qe7 21.Bd5 Rad8 22.Bc6 Bxf3
23.Qxf3 Qe6 24.Bxd7 Rxd7 25.Rd5 Rde7 26.a4 bxa4 27.Ra1 c6 28.Rxe5 Qc4 29.Rxe7 Rxe7
30.Qh5 Re6 31.e5 Qb5 32.h4 Qxb2 33.Rxa4 Qxc3 34.hxg5 Qxg3  0-1

[Event "5th Classic Open 2013"]
[Site "London ENG"]
[Date "2013.12.11"]
[Round "5.21"]
[White "Wallace,P"]
[Black "Sachdev,T"]
[Result "0-1"]
[WhiteElo "2130"]
[BlackElo "2441"]

1.e4 e5 2.Nf3 Nc6 3.Bb5 a6 4.Ba4 Nf6 5.O-O b5 6.Bb3 Bb7 7.Re1 Bc5 8.c3 O-O
9.d4 Bb6 10.Bg5 d6 11.a4 h6 12.Bh4 g5 13.Bg3 Re8 14.axb5 axb5 15.Rxa8 Qxa8
16.dxe5 dxe5 17.Nbd2 Qd8 18.Qe2 Nh5 19.Bd5 Qf6 20.Rf1 Ba6 21.Ra1 Nxg3 22.hxg3 Nb8
23.b4 c6 24.Bb3 Rd8 25.Nf1 Bc8 26.Ne3 h5 27.Rd1 Rxd1+ 28.Nxd1 g4 29.Nh4 Be6
30.Bxe6 fxe6 31.c4 Qd8 32.cxb5 cxb5 33.Ne3 Qd7 34.Qa2 Kg7 35.Qe2 Kg8 36.Nc2 Nc6
37.Na3 Nd4 38.Qd2 Bd8 39.Nc2 Bxh4 40.Nxd4 Be7 41.Nb3 Qxd2 42.Nxd2 Bxb4 43.Nb3 Kf7
44.Kf1 Ke7 45.Ke2 Kd6 46.Kd3 Bc5 47.Ke2 Bd4 48.Ke1 Kc6 49.Ke2 Bb6 50.f3 b4
51.fxg4 hxg4 52.Kd3 Kb5 53.Nd2 Bd4 54.Nb3 Bf2 55.Nc1 Bxg3 56.Nb3 Bf2 57.Nc1 Bd4
58.Nb3 Bc3 59.Nc1 Ka4 60.Kc2 Bd4 61.Nb3 Be3 62.Na1 b3+ 63.Nxb3 Kb4 64.Na1 Kc4
65.Nb3 Bg5 66.Na5+ Kd4 67.Kd1 Kxe4 68.Ke2 Kd5 69.Nb3 Kc4 70.Na5+ Kb5 71.Nb3 Kb4
72.Na1 Kc3 73.Kd1 Bf4 74.Ke2 e4 75.Nb3 Kxb3 76.Kf2 Kc4  0-1

[Event "20th Zadar Open A 2013"]
[Site "Zadar CRO"]
[Date "2013.12.18"]
[Round "5.6"]
[White "Brkic,A"]
[Black "Stevic,H"]
[Result "1/2-1/2"]
[WhiteElo "2566"]
[BlackElo "2611"]

1.e4 e5 2.Nf3 Nc6 3.Bb5 a6 4.Ba4 Nf6 5.O-O b5 6.Bb3 Bb7 7.d3 Bc5 8.Nc3 d6
9.a4 b4 10.Ne2 O-O 11.Ng3 h6 12.Be3 Bc8 13.Qd2 Bxe3 14.fxe3 Be6 15.Bxe6 fxe6
16.d4 a5 17.c4 exd4 18.exd4 e5 19.d5 Nb8 20.c5 Nbd7 21.c6 Nc5 22.Qe3 Ng4
23.Qe2 Rf4 24.h3 Nf6 25.Nd2 Qb8 26.b3 Qb6 27.Kh2 Qa6 28.Qxa6 Rxa6 29.Rxf4 exf4
30.Ne2 Nfxe4 31.Nxe4 Nxe4 32.Nxf4 Nc3 33.Re1 g5 34.Ne6 Nxd5 35.Nd4 Kf7 36.Rf1+ Kg6
37.Re1 h5 38.Kg3 h4+ 39.Kf3 Ra8 40.Re6+ Kf7 41.Kg4 Rg8 42.Rh6 Ne7 43.Kh5 Nd5
44.Kg4 Ne7 45.Kh5 Nd5  1/2-1/2

[Event "WYCC U16 Girls 2013"]
[Site "Al-Ain UAE"]
[Date "2013.12.19"]
[Round "2.9"]
[White "Rodionova,Polina"]
[Black "Hua,Margaret"]
[Result "1/2-1/2"]
[WhiteElo "2095"]
[BlackElo "1922"]

1.e4 e5 2.Nf3 Nc6 3.Bb5 a6 4.Ba4 Nf6 5.O-O b5 6.Bb3 Bb7 7.d3 Be7 8.a4 O-O
9.Re1 d6 10.Nbd2 Re8 11.Nf1 h6 12.Ng3 Bf8 13.c3 Ne7 14.Nh4 d5 15.Qf3 Ng6
16.Nhf5 c5 17.Bc2 Re6 18.h4 Ne7 19.Ne3 Ne8 20.h5 Rf6 21.Qe2 Re6 22.Bb1 Bc6
23.Qc2 d4 24.Ng4 c4 25.dxc4 dxc3 26.Qxc3 Qd4 27.Qxd4 exd4 28.axb5 axb5 29.Rxa8 Bxa8
30.cxb5 Nd6 31.f3 Nxb5 32.Rd1 Rb6 33.Ne5 Rd6 34.Ba2 Rf6 35.Kh1 Nc6 36.Ng4 Rd6
37.Bd5 Rd8 38.Bf4 Nb4 39.Bc4 Nd6 40.Bxd6 Bxd6 41.Nf5 Bb8 42.Rxd4 Rxd4 43.Nxd4 Kf8
44.Nf5 Bb7 45.Kg1 Bc8 46.Nge3 Ba7 47.Kf1 g6 48.hxg6 fxg6 49.Nd6 Bxe3 50.Nxc8 Bc5
51.Bb5 Nc2 52.Bd7 Ne3+ 53.Ke2 Nxg2 54.Kd3 Nf4+ 55.Kc4 Bf2 56.e5 g5 57.b4 h5
58.b5 h4 59.e6 Ng6 60.b6 Ne7 61.b7 Bg3 62.Kc5 Bb8 63.Bb5 h3 64.Bf1 h2 65.Bg2 Nf5
66.Nb6 Ke7 67.Nd7 Ba7+ 68.Kb4 Ng3 69.b8=Q Bxb8 70.Nxb8 Kxe6 71.Kc3 Kf5 72.Kd2 Kf4
73.Nc6 h1=Q 74.Bxh1 Nxh1 75.Ke2 Ng3+ 76.Kf2  1/2-1/2

[Event "WYCC U16 Girls 2013"]
[Site "Al-Ain UAE"]
[Date "2013.12.22"]
[Round "6.33"]
[White "Rodsmoen,Maud"]
[Black "Hua,Margaret"]
[Result "1/2-1/2"]
[WhiteElo "1772"]
[BlackElo "1922"]

1.e4 e5 2.Nf3 Nc6 3.Bb5 a6 4.Ba4 Nf6 5.O-O b5 6.Bb3 Bb7 7.d3 Be7 8.Re1 d6
9.c3 O-O 10.Nbd2 h6 11.Nf1 Re8 12.Ng3 Bf8 13.h3 Ne7 14.d4 Ng6 15.Bc2 exd4
16.cxd4 c5 17.b3 Rc8 18.Bb2 c4 19.bxc4 bxc4 20.d5 Nd7 21.Bd4 Nge5 22.Nxe5 dxe5
23.Bc3 g6 24.Rb1 Qc7 25.Qe2 Bc5 26.Qd2 Kh7 27.h4 Ba8 28.h5 Qd6 29.Bb4 Rb8
30.hxg6+ fxg6 31.Bxc5 Qxc5 32.Ba4 Red8 33.Bxd7 Rxb1 34.Rxb1 Rxd7 35.Ne2 Bb7
36.Qc3 Rf7 37.Rf1 Re7 38.Rc1 Rf7 39.Rf1 Re7 40.Rc1 Rf7  1/2-1/2

[Event "WYCC U16 Girls 2013"]
[Site "Al-Ain UAE"]
[Date "2013.12.27"]
[Round "10.12"]
[White "Lingur,Zalina"]
[Black "Hua,Margaret"]
[Result "1-0"]
[WhiteElo "2009"]
[BlackElo "1922"]

1.e4 e5 2.Nf3 Nc6 3.Bb5 a6 4.Ba4 Nf6 5.O-O b5 6.Bb3 Bb7 7.d3 Be7 8.Nc3 d6
9.a4 b4 10.Ne2 O-O 11.Ng3 Nd7 12.a5 Rb8 13.Nf5 Bf6 14.h4 Nc5 15.Bc4 Nd4 16.N3xd4 exd4
17.Qg4 Kh8 18.Bf4 Ne6 19.Bd2 Bc8 20.h5 Nc5 21.Qf3 Be6 22.Rae1 Bxc4 23.dxc4 b3
24.c3 dxc3 25.Bxc3 Bxc3 26.Qxc3 Qf6 27.Nd4 Na4 28.Qd2 c5 29.Nc6 Rbe8 30.Re2 Rc8
31.e5 dxe5 32.Nxe5 Rfd8 33.Qc1 Rb8 34.Rfe1 h6 35.Qb1 g5 36.hxg6 fxg6 37.Nxg6+ Kg8
38.Ne7+ Kg7 39.Nd5 Rxd5 40.cxd5 Rf8 41.Qc1 Qd4 42.d6 Qxd6 43.Qc4 Qd4 44.Qxb3 Rf7
45.Rd1 Qf4 46.Qg3+ Qxg3 47.fxg3 Rb7 48.Rd6 Nxb2 49.Rb6 Rxb6 50.axb6  1-0